01092 a2200169 4500003000500000005001700005020002200022040000900044082001500053100001700068245004700085250001100132260005600143300001500199505067400214650003400888Nust20221229120925.0 a978-0-07-068179-8 cNust a621.81,BHA aV B Bhandari aDesign of machine elements /cV B Bhandari a3rd ed aNew DelhibTata McGraw Hill Education Pvt Ltdc2011 axxv,934,p; aIntroduction (Page-1), Engineering Materials (Page-20), Manufacturing Considerations in Design (Page-55), Design Against Static Load (Page-76), Design Against Fluctuating Load (Page-141), Power Screws (Page-184), Threaded Joints (Page-219), Welded and Riveted Joints (Page-272), Shafts, Keys and Couplings (Page-330), Springs (Page-393), Friction Clutches (Page-448), Brakes (Page-872), Belt Drives (Page-499), Chain Drives (Page-544), Rolling Contact Bearings (Page-564), Sliding Contact Bearings (Page-601), Spur Gears (Page-646), Helical Gears (Page-694), Bevel Gears (Page-711), Worm Gears (Page-730), Flywheel (Page-749), Cylinders and Pressure Vessels (Page-768). aTelecommunication Engineering